Films within films Quiz Stats

 Plays Quiz not verified by Sporcle

Also try: Elephants On Film
Challenge
Share
Tweet
Embed
Score 0/10 Timer 01:30
0 Plays Today
% Correct
Inglourious Basterds
79.7%
Scream 2
79.7%
Home Alone
72.5%
Last Action Hero
69.6%
Singin' in the Rain
59.4%
Matinee
53.6%
Entourage
42%
The Player
40.6%
Talk to Her
29%
Day for Night
17.4%

You're not logged in!

Compare scores with friends on all Sporcle quizzes.
Join for Free
OR
Log In

You Might Also Like...

Show Comments

Extras

Created Dec 20, 2016ReportNominate
Tags:Movie Titles Quiz

Top Quizzes Today


Score Distribution

Your Account Isn't Verified!

In order to create a playlist on Sporcle, you need to verify the email address you used during registration. Go to your Sporcle Settings to finish the process.

Report this User

Report this user for behavior that violates our Community Guidelines.

Details: